000 00191 a2200097 4500
001 42599
100 _aCarell
245 _aInvasion
260 _aLondon
_bGeorge G
_c
090 _c26501
_d26501
942 _aNUST-CAE
_cM
_c18338
999 _c277672
_d277672